[Event "Orsay Blitz op"]
[Site "Europe Echecs INT"]
[Date "2023.09.17"]
[Round "4"]
[White "Bakouri, Abdelmajid"]
[Black "Nguyen, Nguyen Khoi"]
[Result "1-0"]
[WhiteElo "1857"]
[BlackElo "1089"]
[PlyCount "65"]
[EventDate "2023.09.17"]
[EventType "swiss (blitz)"]
[EventRounds "11"]
[EventCountry "FRA"]
[SourceTitle "EXT 2025"]
[Source "ChessBase"]
[SourceDate "2024.10.14"]
[SourceVersion "1"]
[SourceVersionDate "2024.10.14"]
[SourceQuality "1"]

1. Nf3 Nf6 2. g3 g6 3. Bg2 Bg7 4. 0-0 0-0 5. d4 d5 6. b3 c5 7. Bb2 b6 8. Nc3 Bb7 9. a4 a5 10. Nb5 Nc6 11. Ne5 e6 12. h3 Nd7 13. Nf3 cxd4 14. Nfxd4 Nc5 15. e3 Rc8 16. Nxc6 Bxc6 17. Bxg7 Kxg7 18. Nd4 Na6 19. c4 Nb4 20. Rc1 dxc4 21. Nxc6 Nxc6 22. Rxc4 Nb4 23. Qa1+ Kg8 24. Rd1 Qe7 25. Qc3 Rxc4 26. Qxc4 Rd8 27. Rc1 h5 28. g4 hxg4 29. hxg4 Kg7 30. Be4 Qh4 31. Bf3 Rh8 32. Kf1 Qh3+ 33. Ke2 1-0

[Event "Orsay Blitz op"]
[Site "Europe Echecs INT"]
[Date "2023.09.17"]
[Round "1"]
[White "Nguyen, Nguyen Khoi"]
[Black "Texier, Cesar"]
[Result "0-1"]
[WhiteElo "1089"]
[BlackElo "1752"]
[PlyCount "76"]
[EventDate "2023.09.17"]
[EventType "swiss (blitz)"]
[EventRounds "11"]
[EventCountry "FRA"]
[SourceTitle "EXT 2025"]
[Source "ChessBase"]
[SourceDate "2024.10.14"]
[SourceVersion "1"]
[SourceVersionDate "2024.10.14"]
[SourceQuality "1"]

1. c4 Nf6 2. Nc3 g6 3. d4 Bg7 4. Nf3 0-0 5. Bg5 d6 6. e3 c5 7. d5 Qa5 8. Qa4 Qb6 9. Qb3 h6 10. Bh4 Bf5 11. Nb5 Ne4 12. Bxe7 Qa5+ 13. Kd1 Nxf2+ 14. Ke2 Nxh1 15. Bxf8 Bxf8 16. g3 Nd7 17. Bg2 Nxg3+ 18. hxg3 a6 19. Nc3 b5 20. e4 Bg4 21. Rh1 Ne5 22. cxb5 axb5 23. Kf2 b4 24. Ne2 Bxf3 25. Bxf3 c4 26. Qc2 Qc5+ 27. Kg2 Nd3 28. Nc1 Nxc1 29. Qxc1 Rxa2 30. Re1 Qd4 31. Kh3 Rxb2 32. Rd1 Qe5 33. Qxc4 Rf2 34. Qd4 Qxd4 35. Rxd4 Rxf3 36. Rxb4 Re3 37. Kg4 h5+ 38. Kf4 Bh6# 0-1